00306nam a2200109Ia 450000500170000000800410001710000200005824500810007826000170015930000110017665000090018720260326235441.0260326s9999||||xx |||||||||||||| ||und|| aIshizawa, Masao 0aPageant of Japanese art :b Painting 6th - 14th centuries /cMasao Ishizawa bToto Shuppan a167 p. aARTE